Biathlon Gesamtweltcup der Frauen 24/25 - Statistiken

Allgemein
  • Dieses Quiz wurde 237 mal gespielt
  • Das Durchschnittsergebnis liegt bei 16 aus 30
Antwortstatistiken
# Biathletin Punkte % Korrekt
1 Franziska Preuß 1278
99%
3 Julia Simon 902
92%
4 Elvira Öberg 761
85%
12 Hanna Öberg 488
84%
2 Lou Jeanmonnot 1258
80%
9 Selina Grotian 640
80%
13 Dorothea Wierer 446
75%
8 Justine Braisaz-Bouchet 657
74%
11 Lisa Theresa Hauser 496
69%
25 Vanessa Voigt 307
69%
6 Jeanne Richard 755
67%
5 Oceane Michelon 760
67%
27 Ingrid Landmark Tandrevold 292
65%
7 Suvi Minkkinen 694
55%
20 Anna Magnusson 356
54%
19 Lena Häcki-Groß 359
53%
10 Maren Kirkeeide 548
50%
14 Karoline Offigstad Knotten 421
46%
22 Lotte Lie 349
39%
18 Ella Halvarsson 367
37%
16 Amy Baserga 415
36%
23 Anamarija Lampic 332
34%
26 Aita Gasparin 307
33%
24 Ida Lien 310
26%
30 Samuela Comola 258
24%
28 Paulina Batovska Fialkova 289
23%
15 Milena Todorova 416
20%
17 Yuliia Dzhima 368
16%
21 Tereza Vobornikova 349
14%
29 Natalia Sidorowicz 267
12%
Keine übereinstimmenden Quizze gefunden
Verteilung der Resultate
Anzahl Personen mit jedem Resultat
Perzentil nach korrekt beantworteten Fragen
Ihre Resultats-Entwicklung
Sie haben dieses Quiz noch nicht gespielt